000 00912pam a2200289 a 4500
001 2893588
003 OSt
005 20240626105735.0
008 870130s1987 enk bs 001 0 eng
010 _a 87000647
020 _a0709926286 :
_c$38.95 (U.S.)
020 _a0709926308 (pbk.) :
_c$18.95 (U.S.)
040 _aDLC
_cmust
_dDLC
043 _ae-uk---
050 0 0 _aHQ1064.G7
_bV53 1987
082 0 0 _a362.6 VIC 1994
_219
100 1 _aVictor, Christina R.
_917967
245 1 0 _aOld age in modern society :
_ba textbook of social gerontology /
_cChristina R. Victor.
260 _aLondon ;
_aWolfeboro, N.H. :
_bCroom Helm,
_cc1987.
300 _a338 p. ;
_c23 cm.
500 _aIncludes index.
504 _aBibliography: p. 317-335.
650 0 _aGerontology
_zGreat Britain.
_917968
650 0 _aGerontology.
_916529
906 _a7
_bcbc
_corignew
_d1
_eocip
_f19
_gy-gencatlg
942 _2ddc
_cO_SHELF
999 _c8888
_d8888